Kapitálové trhy a burzy ve světe /

Gespeichert in:
Bibliographische Detailangaben
1. Verfasser: Pavlát, Vladislav (Verfasst von)
Format: Buch
Sprache:Tschechisch
Veröffentlicht: Praha : Grada, 1993
Ausgabe:1.vyd.
Tags: Tag hinzufügen
Keine Tags, Fügen Sie das erste Tag hinzu!

MARC

LEADER 00000nam a22000003a 4500
001 stu6284
005 20150617225808.5
008 940707s1993----xr------------------cze-d
020 |a 80-85424-90-8 
040 |a STU  |b slo 
041 0 |a cze 
044 |a xr 
080 |a 336.761 
100 1 |a Pavlát, Vladislav  |4 aut 
245 1 |a Kapitálové trhy a burzy ve světe /  |c [aut.] Pavlát,Vladislav 
250 |a 1.vyd. 
260 |a Praha :  |b Grada,  |c 1993 
300 |a 389 s 
996 |b E79117  |c R*79117  |l RRUM  |s A  |a 24  |w stu6284_0001